[Event "Murrhard Wuerttemberg op"]
[Site "Murrhard"]
[Date "2021.08.20"]
[Round "4"]
[White "Reimche, Vadim"]
[Black "Schmidt, Joachim"]
[Result "1-0"]
[WhiteElo "2055"]
[BlackElo "2009"]
[PlyCount "85"]
[EventDate "2021.08.18"]
[EventType "swiss"]
[EventRounds "7"]
[EventCountry "GER"]
[SourceTitle "CBM 204 Extra"]
[Source "ChessBase"]
[SourceDate "2021.11.30"]
[SourceVersion "1"]
[SourceVersionDate "2021.11.30"]
[SourceQuality "1"]

1. d4 Nf6 2. c4 g6 3. Nc3 Bg7 4. e4 d6 5. Be2 0-0 6. Nf3 e5 7. 0-0 Nc6 8. d5 Ne7 9. b4 Nh5 10. c5 Nf4 11. Ba3 f5 12. b5 Nxe2+ 13. Qxe2 f4 14. Kh1 Bf6 15. Nd2 g5 16. cxd6 cxd6 17. Nc4 Ng6 18. Bxd6 Rf7 19. f3 h5 20. Qb2 Rd7 21. Qa3 g4 22. b6 Rg7 23. bxa7 gxf3 24. gxf3 Qd7 25. Rf2 Qh3 26. Nb5 Bh4 27. Rg2 Bg3 28. Rag1 Nh4 29. Bxe5 Nxg2 30. Rxg2 Bg4 31. Nd2 Rg6 32. Bb8 Rb6 33. Qe7 Rxb5 34. Qe8+ Kh7 35. Qxb5 Bxh2 36. Qxb7+ Kh6 37. Qc6+ Kh7 38. Qc7+ Kh6 39. Qd6+ Kh7 40. Qe7+ Kg6 41. fxg4 Bg3+ 42. Kg1 hxg4 43. Nf1 1-0

[Event "Deizisau Autumn op 14th"]
[Site "Deizisau"]
[Date "2019.10.27"]
[Round "4"]
[White "Engbrecht, Helmut"]
[Black "Reimche, Vadim"]
[Result "1/2-1/2"]
[WhiteElo "1978"]
[BlackElo "2080"]
[PlyCount "105"]
[EventDate "2019.10.25"]
[EventType "swiss"]
[EventRounds "7"]
[EventCountry "GER"]
[SourceTitle "CBM 192 Extra"]
[Source "Chessbase"]
[SourceDate "2019.11.06"]
[SourceVersion "1"]
[SourceVersionDate "2019.11.06"]
[SourceQuality "1"]

1. e4 c5 2. Nc3 Nc6 3. Nf3 Nf6 4. Bb5 d5 5. e5 d4 6. exf6 dxc3 7. fxg7 cxd2+ 8. Qxd2 Qxd2+ 9. Bxd2 Bxg7 10. c3 Bd7 11. Be3 b6 12. 0-0-0 Ne5 13. Bxd7+ Nxd7 14. Bf4 0-0-0 15. Rhe1 Rhe8 16. Kc2 e5 17. Bg3 f6 18. Rd5 Nf8 19. Red1 Ng6 20. Nh4 Ne7 21. Rxd8+ Rxd8 22. Rxd8+ Kxd8 23. f3 Kd7 24. Kd3 Ke6 25. Bf2 h5 26. Be3 f5 27. g3 Nc8 28. b4 cxb4 29. cxb4 Nd6 30. a4 Kd5 31. a5 bxa5 32. bxa5 a6 33. Bb6 e4+ 34. fxe4+ fxe4+ 35. Ke2 Bd4 36. Bd8 Kc4 37. Ng6 Nb5 38. Nf4 Nc3+ 39. Ke1 Nd5 40. Nxh5 Kd3 41. g4 Bc3+ 42. Kf1 Be5 43. Ng3 Bxg3 44. hxg3 e3 45. Bg5 e2+ 46. Kf2 Nb4 47. Bf6 Nc2 48. Bc3 Kxc3 49. Kxe2 Kd4 50. g5 Ke5 51. Kd3 Na3 52. g6 Kf6 53. Kd4 1/2-1/2

[Event "Staufer op 31st"]
[Site "Schwaebisch Gmuend"]
[Date "2019.01.04"]
[Round "6"]
[White "Reimche, Vadim"]
[Black "Welling, Gerard J"]
[Result "0-1"]
[WhiteElo "2071"]
[BlackElo "2299"]
[PlyCount "50"]
[EventDate "2019.01.02"]
[EventType "swiss"]
[EventRounds "9"]
[EventCountry "GER"]
[SourceTitle "CBM 188 Extra"]
[Source "ChessBase"]
[SourceDate "2019.02.26"]
[SourceVersion "1"]
[SourceVersionDate "2019.02.26"]
[SourceQuality "1"]

1. d4 g6 2. c4 Bg7 3. e4 d6 4. Nf3 Nd7 5. Nc3 e5 6. d5 Ngf6 7. Be3 Ng4 8. Bg5 f6 9. Bd2 Nh6 10. b4 0-0 11. Be2 Nf7 12. h4 a5 13. a3 f5 14. Ng5 Nxg5 15. Bxg5 Bf6 16. Bh6 Bg7 17. Bg5 Nf6 18. h5 h6 19. Bxf6 Qxf6 20. hxg6 fxe4 21. Nxe4 Qxg6 22. Bf3 Rf4 23. Ng3 e4 24. Bh5 Bc3+ 25. Kf1 Qxg3 0-1

[Event "Staufer op 31st"]
[Site "Schwaebisch Gmuend"]
[Date "2019.01.04"]
[Round "5"]
[White "Schitco, Ivan"]
[Black "Reimche, Vadim"]
[Result "1-0"]
[WhiteElo "2416"]
[BlackElo "2071"]
[PlyCount "65"]
[EventDate "2019.01.02"]
[EventType "swiss"]
[EventRounds "9"]
[EventCountry "GER"]
[SourceTitle "CBM 188 Extra"]
[Source "ChessBase"]
[SourceDate "2019.02.26"]
[SourceVersion "1"]
[SourceVersionDate "2019.02.26"]
[SourceQuality "1"]

1. Nf3 d5 2. g3 c5 3. Bg2 Nc6 4. d4 Nf6 5. 0-0 e6 6. c4 cxd4 7. cxd5 exd5 8. Nxd4 Be7 9. Nc3 0-0 10. Nb3 Be6 11. Be3 Na5 12. Nxa5 Qxa5 13. Bd4 Rfd8 14. e3 Rac8 15. Qb3 b6 16. Qb5 Bb4 17. Qxa5 Bxa5 18. Nb5 a6 19. Na7 Rc7 20. a3 Rxa7 21. b4 Bxb4 22. Bxb6 Bc3 23. Rac1 Bb2 24. Rc2 Bf5 25. e4 Nxe4 26. Bxa7 Bxa3 27. Ra2 Bb4 28. Rxa6 d4 29. g4 Bxg4 30. Bxe4 Be2 31. Ra4 d3 32. Bxd3 Bxd3 33. Rxb4 1-0

[Event "Deizisau op 13th"]
[Site "Deizisau"]
[Date "2018.10.29"]
[Round "7"]
[White "Frolik, Erhard"]
[Black "Reimche, Vadim"]
[Result "1-0"]
[WhiteElo "2318"]
[BlackElo "2060"]
[PlyCount "69"]
[EventDate "2018.10.26"]
[EventType "swiss"]
[EventRounds "7"]
[EventCountry "GER"]
[SourceTitle "CBM 187 Extra"]
[Source "ChessBase"]
[SourceDate "2018.11.04"]
[SourceVersion "1"]
[SourceVersionDate "2018.11.04"]
[SourceQuality "1"]

1. e4 c5 2. Nf3 Nc6 3. Bb5 g6 4. Bxc6 dxc6 5. h3 Bg7 6. d3 e5 7. 0-0 Ne7 8. Na3 Qc7 9. Nc4 0-0 10. Be3 b6 11. b3 h6 12. Bc1 Be6 13. Bb2 f6 14. a4 Kh7 15. a5 g5 16. Nfd2 Ng6 17. Ne3 Qd7 18. axb6 axb6 19. Qf3 Nf4 20. Nf5 Bxf5 21. exf5 Qxf5 22. Qxc6 Rxa1 23. Rxa1 g4 24. hxg4 Qxg4 25. Qf3 Qg6 26. Ra7 h5 27. Nc4 b5 28. Nd6 Rb8 29. g3 Rb6 30. Nc8 Nh3+ 31. Kg2 Ng5 32. Qd5 Qf5 33. Nxb6 Qh3+ 34. Kg1 e4 35. Rxg7+ 1-0

[Event "Staufer op-A 30th"]
[Site "Schwaebisch Gmuend"]
[Date "2018.01.05"]
[Round "7"]
[White "Jurek, Josef"]
[Black "Reimche, Vadim"]
[Result "1-0"]
[WhiteElo "2260"]
[BlackElo "2040"]
[PlyCount "70"]
[EventDate "2018.01.02"]
[EventType "swiss"]
[EventRounds "9"]
[EventCountry "GER"]
[SourceTitle "CBM 182 Extra"]
[Source "ChessBase"]
[SourceDate "2018.02.23"]
[SourceVersion "1"]
[SourceVersionDate "2018.02.23"]
[SourceQuality "1"]

1. Nf3 d5 2. d4 c6 3. c4 g6 4. Bf4 Nf6 5. e3 Bg7 6. Nc3 0-0 7. Bd3 Nbd7 8. Rc1 dxc4 9. Bxc4 Nb6 10. Bb3 Nfd5 11. Be5 Bg4 12. Bxg7 Nxc3 13. Rxc3 Kxg7 14. h3 Bxf3 15. Qxf3 a5 16. a3 a4 17. Ba2 Ra5 18. 0-0 Rb5 19. Qe2 Qd6 20. Rfc1 e5 21. dxe5 Qxe5 22. Rd1 Qf6 23. Rd4 Re8 24. Qd2 Re7 25. Rd6 Qe5 26. f4 Qe4 27. Rd4 Qf5 28. g4 Qc8 29. Rcd3 Qc7 30. Qc3 Kh6 31. g5+ Kh5 32. Qc2 Rxg5+ 33. fxg5 Qg3+ 34. Qg2 Qxg2+ 35. Kxg2 Kxg5 1-0

[Event "Staufer op-A 30th"]
[Site "Schwaebisch Gmuend"]
[Date "2018.01.04"]
[Round "6"]
[White "Reimche, Vadim"]
[Black "Degenhard, Simon"]
[Result "1-0"]
[WhiteElo "2040"]
[BlackElo "2195"]
[PlyCount "91"]
[EventDate "2018.01.02"]
[EventType "swiss"]
[EventRounds "9"]
[EventCountry "GER"]
[SourceTitle "CBM 182 Extra"]
[Source "ChessBase"]
[SourceDate "2018.02.23"]
[SourceVersion "1"]
[SourceVersionDate "2018.02.23"]
[SourceQuality "1"]

1. d4 Nf6 2. c4 c5 3. d5 b5 4. f3 Qa5+ 5. Bd2 b4 6. e4 e5 7. a3 d6 8. Qb3 Na6 9. Ra2 Qb6 10. g3 g6 11. Bh3 Bd7 12. Bxd7+ Nxd7 13. Nh3 Bg7 14. Nf2 Rb8 15. 0-0 0-0 16. Kg2 Rb7 17. Ra1 Rfb8 18. Re1 Nc7 19. axb4 cxb4 20. Nd3 Na6 21. Be3 Nac5 22. Nxc5 Nxc5 23. Qc2 Qc7 24. b3 a5 25. Bxc5 Qxc5 26. Qf2 Qc7 27. Qe3 Ra8 28. Ra4 Bf6 29. Nd2 Bd8 30. c5 Qxc5 31. Qxc5 dxc5 32. Nc4 Bc7 33. d6 Bb8 34. Rd1 f6 35. Rd5 Raa7 36. Rxc5 Kf7 37. f4 exf4 38. gxf4 Ke6 39. e5 fxe5 40. fxe5 Rf7 41. Rc8 Rab7 42. Nxa5 Rb5 43. Nc6 Kd7 44. Rxb8 Kxc6 45. Rxb5 Kxb5 46. e6 1-0

[Event "Staufer op-A 30th"]
[Site "Schwaebisch Gmuend"]
[Date "2018.01.03"]
[Round "3"]
[White "Reimche, Vadim"]
[Black "Kjartansson, Gudmundur"]
[Result "1/2-1/2"]
[WhiteElo "2040"]
[BlackElo "2438"]
[PlyCount "131"]
[EventDate "2018.01.02"]
[EventType "swiss"]
[EventRounds "9"]
[EventCountry "GER"]
[SourceTitle "CBM 182 Extra"]
[Source "ChessBase"]
[SourceDate "2018.02.23"]
[SourceVersion "1"]
[SourceVersionDate "2018.02.23"]
[SourceQuality "1"]

1. d4 Nf6 2. c4 e6 3. Nc3 Bb4 4. e3 b6 5. Nge2 c5 6. a3 Ba5 7. Bd2 Bb7 8. b4 cxb4 9. Nb5 Qe7 10. Nc7+ Kd8 11. Nxa8 Na6 12. f3 e5 13. Kf2 Bxa8 14. axb4 Nxb4 15. Bxb4 Qxb4 16. dxe5 Ne8 17. Nd4 Qe7 18. Nb3 Qxe5 19. Nxa5 bxa5 20. Qa4 Nc7 21. Qxa5 Qxa5 22. Rxa5 a6 23. Be2 Ke7 24. Rb1 Bc6 25. e4 h6 26. Ke3 g5 27. g3 f6 28. f4 Ne6 29. Bf3 h5 30. fxg5 fxg5 31. h4 Rg8 32. hxg5 Nxg5 33. Bxh5 Nxe4 34. Re5+ Kd6 35. Rxe4 Rxg3+ 36. Kd4 Bxe4 37. Kxe4 Kc5 38. Bf7 Rg4+ 39. Kd3 Rg3+ 40. Kc2 d6 41. Bd5 Rh3 42. Rb3 Rh2+ 43. Kb1 Rf2 44. Rb2 Rf1+ 45. Ka2 Re1 46. Ka3 Ra1+ 47. Ra2 Rb1 48. Ka4 Kb6 49. Ra3 Rd1 50. Rb3+ Kc5 51. Ra3 Kb6 52. Rh3 Kc5 53. Rh8 Ra1+ 54. Kb3 Rb1+ 55. Kc2 Ra1 56. Kb2 Rf1 57. Rc8+ Kb4 58. Rc6 Rf2+ 59. Kc1 Kc3 60. Kb1 Rf1+ 61. Ka2 Rf2+ 62. Ka3 Rf1 63. c5 dxc5 64. Rxc5+ Kd4 65. Ra5 Rf5 66. Ka4 1/2-1/2

[Event "Staufer op 29th"]
[Site "Schwaebisch Gmuend"]
[Date "2017.01.05"]
[Round "8"]
[White "Reimche, Vadim"]
[Black "Weller, Manuel"]
[Result "0-1"]
[WhiteElo "2057"]
[BlackElo "2220"]
[PlyCount "82"]
[EventDate "2017.01.02"]
[EventType "swiss"]
[EventRounds "9"]
[EventCountry "GER"]
[SourceTitle "CBM 176 Extra"]
[Source "ChessBase"]
[SourceDate "2017.03.02"]
[SourceVersion "1"]
[SourceVersionDate "2017.03.02"]
[SourceQuality "1"]

1. d4 Nf6 2. c4 e6 3. Nf3 b6 4. g3 Bb7 5. Bg2 Be7 6. Nc3 0-0 7. 0-0 Ne4 8. Qd3 Nxc3 9. bxc3 f5 10. h4 Be4 11. Qd1 Qc8 12. Nd2 Bxg2 13. Kxg2 Qb7+ 14. f3 f4 15. g4 Bxh4 16. Rh1 Be7 17. Qc2 g6 18. Ne4 Nc6 19. Qa4 d5 20. Nf2 Rf7 21. Nd3 Raf8 22. cxd5 exd5 23. Qb5 Na5 24. Ne5 c6 25. Qa4 Rf6 26. Rb1 Qc7 27. Kf2 Bd6 28. Nd3 Nc4 29. Nb2 b5 30. Qd1 Na3 31. Ra1 Re8 32. Qd3 Rfe6 33. Re1 Qe7 34. Nd1 Qh4+ 35. Kf1 Qh1+ 36. Kf2 Qh2+ 37. Kf1 Qh3+ 38. Kg1 Nc4 39. a4 Ne3 40. Bxe3 fxe3 41. axb5 Qh2+ 0-1

[Event "Deizisau op 11th"]
[Site "Deizisau"]
[Date "2016.10.31"]
[Round "6"]
[White "Lelumees, Brait"]
[Black "Reimche, Vadim"]
[Result "1-0"]
[WhiteElo "2124"]
[BlackElo "2035"]
[PlyCount "105"]
[EventDate "2016.10.28"]
[EventType "swiss"]
[EventRounds "7"]
[EventCountry "GER"]
[SourceTitle "EXT 2018"]
[Source "ChessBase"]
[SourceDate "2017.10.13"]
[SourceVersion "1"]
[SourceVersionDate "2017.10.13"]
[SourceQuality "1"]

1. d4 Nf6 2. c4 c5 3. d5 b5 4. cxb5 a6 5. e3 g6 6. Nc3 axb5 7. Bxb5 Bg7 8. Nf3 0-0 9. 0-0 Qb6 10. Nd2 Na6 11. Nc4 Qa7 12. e4 d6 13. Bd2 Nc7 14. a4 Ba6 15. f3 h6 16. Ra3 Nd7 17. Qc1 Kh7 18. Bxa6 Qxa6 19. b3 Rfb8 20. Nd1 Nb6 21. Nde3 Bd4 22. Kh1 Bxe3 23. Bxe3 Nxc4 24. bxc4 Rb4 25. Rc3 h5 26. g4 Rxa4 27. gxh5 gxh5 28. e5 Ra1 29. Qc2+ Kh8 30. Bc1 Qc8 31. f4 R8a2 32. Qe4 Qg4 33. exd6 exd6 34. Rb3 Qe2 35. Bb2+ Rxb2 36. Qxe2 Rxe2 37. Rxa1 Kg7 38. Rb8 Ne8 39. Rd8 Re4 40. Rg1+ Kf8 41. f5 Ke7 42. Ra8 Kf6 43. Rf1 Ng7 44. Rd8 Nxf5 45. Rxd6+ Ke5 46. Rd7 f6 47. Rc1 h4 48. Rc7 Kd4 49. Rf1 h3 50. Rh7 Nh4 51. d6 Kxc4 52. d7 Rd4 53. Rxh4 1-0

[Event "Wuerttemberg-ch"]
[Site "Stuttgart"]
[Date "2016.08.31"]
[Round "5"]
[White "Reimche, Vadim"]
[Black "Behrendt, Clemens"]
[Result "1/2-1/2"]
[WhiteElo "2076"]
[BlackElo "2129"]
[PlyCount "136"]
[EventDate "2016.08.27"]
[EventType "swiss"]
[EventRounds "9"]
[EventCountry "GER"]
[SourceTitle "CBM 174 Extra"]
[Source "ChessBase"]
[SourceDate "2016.10.10"]
[SourceVersion "1"]
[SourceVersionDate "2016.10.10"]
[SourceQuality "1"]

1. d4 Nf6 2. f3 d5 3. e4 dxe4 4. Nc3 Nc6 5. d5 Ne5 6. fxe4 c6 7. Qd4 Ng6 8. Nf3 e6 9. dxc6 Qxd4 10. Nxd4 bxc6 11. Nxc6 Bc5 12. Bd3 0-0 13. Na4 Bd6 14. Nd4 Bb7 15. Nc3 Ng4 16. Nf3 Rfc8 17. Ke2 N6e5 18. Nxe5 Bxe5 19. h3 Nf6 20. Ke3 Nd7 21. Bd2 Nb6 22. Ke2 Nc4 23. Rab1 Rab8 24. Nd1 Ba8 25. Bc3 Bxc3 26. Bxc4 Be5 27. Bd3 g6 28. b3 f5 29. Nf2 Bc7 30. Rhd1 Rd8 31. Kf1 Kf7 32. Bc4 fxe4 33. g4 g5 34. Ke2 Be5 35. Rxd8 Rxd8 36. Rd1 Rxd1 37. Nxd1 Ke7 38. Ne3 Bb7 39. Kd2 Bf4 40. Bf1 Kd6 41. Ke2 Kc5 42. Bg2 Kb4 43. Nc4 Kc3 44. Kd1 Bd5 45. Bf1 h6 46. a4 e3 47. Na3 Bf3+ 48. Be2 Bxe2+ 49. Kxe2 Kb2 50. Nb5 a6 51. Nd4 e5 52. Nc6 Kc3 53. b4 Kc4 54. b5 axb5 55. axb5 Kxb5 56. Ne7 Kc4 57. Nf5 Kc3 58. Nxe3 e4 59. Nd5+ Kxc2 60. h4 Bc1 61. h5 Kb3 62. Nf6 Kc4 63. Ng8 Kd5 64. Nxh6 Ke5 65. Kd1 Bb2 66. Kc2 Bd4 67. Nf5 Ba1 68. Kb1 Bc3 1/2-1/2

[Event "Wuerttemberg-ch"]
[Site "Stuttgart"]
[Date "2016.08.27"]
[Round "1"]
[White "Latzke, Boris Alexander"]
[Black "Reimche, Vadim"]
[Result "1-0"]
[WhiteElo "2181"]
[BlackElo "2076"]
[PlyCount "84"]
[EventDate "2016.08.27"]
[EventType "swiss"]
[EventRounds "9"]
[EventCountry "GER"]
[SourceTitle "CBM 174 Extra"]
[Source "ChessBase"]
[SourceDate "2016.10.10"]
[SourceVersion "1"]
[SourceVersionDate "2016.10.10"]
[SourceQuality "1"]

1. d4 Nf6 2. c4 c5 3. d5 b5 4. cxb5 a6 5. f3 e6 6. e4 exd5 7. e5 Qe7 8. Qe2 Ng8 9. Nc3 Bb7 10. Nh3 d4 11. Ne4 d3 12. Qe3 Qxe5 13. Nxc5 Qxe3+ 14. Bxe3 Bxc5 15. Bxc5 axb5 16. Bxd3 Bc6 17. Kf2 f6 18. Rhe1+ Kf7 19. Nf4 g5 20. Nh5 Na6 21. Bd6 Ra7 22. Rac1 Nc7 23. a4 bxa4 24. Bc4+ Nd5 25. Rcd1 Kg6 26. g4 Nf4 27. Bxf4 gxf4 28. Rd6 Rb7 29. Re2 Rb4 30. Nxf4+ Kh6 31. Rc2 Ne7 32. Rxf6+ Kg5 33. Rf7 Ng6 34. Nd3 Rbb8 35. Kg3 d5 36. f4+ Kh6 37. Ba2 Bb5 38. g5+ Kh5 39. Bxd5 Nxf4 40. Nxf4+ Kxg5 41. Rcc7 Rbg8 42. Rfe7 Kh6+ 1-0

[Event "Staufer op-A 28th"]
[Site "Schwaebisch Gmuend"]
[Date "2016.01.03"]
[Round "4"]
[White "Reimche, Vadim"]
[Black "Bravo Lutz, Sebastian"]
[Result "1-0"]
[WhiteElo "2053"]
[BlackElo "2221"]
[PlyCount "49"]
[EventDate "2016.01.02"]
[EventType "swiss"]
[EventRounds "9"]
[EventCountry "GER"]
[SourceTitle "CBM 170 Extra"]
[Source "ChessBase"]
[SourceDate "2016.02.25"]
[SourceVersion "1"]
[SourceVersionDate "2016.02.25"]
[SourceQuality "1"]

1. d4 d6 2. Nf3 g6 3. e4 Nf6 4. Nc3 c6 5. Bd3 b5 6. 0-0 Bg7 7. e5 dxe5 8. dxe5 Ng4 9. Bf4 b4 10. Nb1 Qa5 11. Nbd2 Nd7 12. Nc4 Qc5 13. Qe2 0-0 14. h3 Nh6 15. Be3 Qd5 16. Rad1 Ba6 17. b3 Nb8 18. Bxg6 Bxc4 19. bxc4 Qe6 20. Be4 Nf5 21. Bf4 Nh6 22. Ng5 Qc8 23. Nxh7 Re8 24. Qh5 f5 25. Bxh6 1-0

[Event "Wuerttemberg-ch MT"]
[Site "Stuttgart"]
[Date "2015.09.06"]
[Round "9"]
[White "Schmidt, Tobias"]
[Black "Reimche, Vadim"]
[Result "1-0"]
[WhiteElo "2121"]
[BlackElo "2005"]
[PlyCount "103"]
[EventDate "2015.08.29"]
[EventType "swiss"]
[EventRounds "9"]
[EventCountry "GER"]
[SourceTitle "EXT 2017"]
[Source "ChessBase"]
[SourceDate "2016.10.25"]
[SourceVersion "1"]
[SourceVersionDate "2016.10.25"]
[SourceQuality "1"]

1. e4 c5 2. Nf3 Nc6 3. d4 cxd4 4. Nxd4 Nf6 5. Nc3 e5 6. Ndb5 d6 7. Bg5 a6 8. Na3 b5 9. Nd5 Be7 10. Bxf6 Bxf6 11. c3 0-0 12. Nc2 Rb8 13. Nce3 Bg5 14. Bd3 Bxe3 15. Nxe3 Be6 16. 0-0 g6 17. a4 Ne7 18. axb5 axb5 19. Ra6 d5 20. exd5 Nxd5 21. Nxd5 Qxd5 22. Bc2 Qb7 23. Rd6 b4 24. Re1 bxc3 25. bxc3 Qc7 26. Rxe5 Qxc3 27. Re3 Qc5 28. h3 Rb2 29. Be4 Qa5 30. Re2 Rxe2 31. Qxe2 Re8 32. Bf3 Bd7 33. Qd2 Re1+ 34. Kh2 Qe5+ 35. g3 Be6 36. Rd8+ Kg7 37. Qb4 Kh6 38. Rg8 Kg5 39. Qh4+ Kf5 40. Qg4+ Kf6 41. Qh4+ Qg5 42. Qd4+ Qe5 43. Qd8+ Kf5 44. Bg4+ Ke4 45. Qd2 Qa1 46. Qf4+ Kd3 47. Rd8+ Kc3 48. Qd4+ Kb3 49. Bxe6+ fxe6 50. Rb8+ Kc2 51. Rc8+ Kb1 52. Qb4+ 1-0

[Event "Wuerttemberg-ch MT"]
[Site "Stuttgart"]
[Date "2015.09.05"]
[Round "8"]
[White "Reimche, Vadim"]
[Black "Kabisch, Thilo"]
[Result "0-1"]
[WhiteElo "2005"]
[BlackElo "2286"]
[PlyCount "104"]
[EventDate "2015.08.29"]
[EventType "swiss"]
[EventRounds "9"]
[EventCountry "GER"]
[SourceTitle "EXT 2017"]
[Source "ChessBase"]
[SourceDate "2016.10.25"]
[SourceVersion "1"]
[SourceVersionDate "2016.10.25"]
[SourceQuality "1"]

1. d4 Nf6 2. Nc3 d5 3. f3 e6 4. e4 c5 5. Bg5 cxd4 6. Qxd4 Nc6 7. Bb5 Be7 8. exd5 0-0 9. Bxc6 bxc6 10. d6 Qxd6 11. Bxf6 gxf6 12. Qxd6 Bxd6 13. 0-0-0 Bf4+ 14. Kb1 f5 15. Nge2 Be5 16. Nd4 c5 17. Nc6 Bf6 18. Na4 Bb7 19. Na5 Rfb8 20. Nxc5 Bd5 21. Ncb3 Rb4 22. Rd3 Ra4 23. Rhd1 Rb8 24. Rxd5 exd5 25. Rxd5 Re8 26. Rxf5 Re1+ 27. Nc1 Be5 28. Nab3 Bxh2 29. Rg5+ Kf8 30. Rh5 Bf4 31. c3 Ra6 32. Rf5 Bxc1 33. Nxc1 Rg6 34. g4 Rh6 35. Rh5 Rxh5 36. gxh5 Rf1 37. Kc2 Rf2+ 38. Kb3 Rxf3 39. Kc4 Rh3 40. b4 Rxh5 41. Nb3 Rg5 42. a4 h5 43. Nd4 h4 44. Nf3 Rg4+ 45. Kb5 h3 46. c4 Rg3 47. Nh2 Rg2 48. Nf1 Rf2 49. Ng3 h2 50. Ka6 Rg2 51. Nh1 Rg1 52. Nf2 Rf1 0-1

[Event "Wuerttemberg-ch MT"]
[Site "Stuttgart"]
[Date "2015.09.03"]
[Round "6"]
[White "Gabriel, Robert A"]
[Black "Reimche, Vadim"]
[Result "0-1"]
[WhiteElo "2184"]
[BlackElo "2005"]
[PlyCount "132"]
[EventDate "2015.08.29"]
[EventType "swiss"]
[EventRounds "9"]
[EventCountry "GER"]
[SourceTitle "EXT 2017"]
[Source "ChessBase"]
[SourceDate "2016.10.25"]
[SourceVersion "1"]
[SourceVersionDate "2016.10.25"]
[SourceQuality "1"]

1. d4 Nf6 2. Nf3 g6 3. c4 c5 4. g3 Bg7 5. Bg2 0-0 6. Nc3 Na6 7. 0-0 d6 8. b3 Rb8 9. Bb2 Bf5 10. Re1 Ne4 11. Nh4 Nxc3 12. Bxc3 Bg4 13. h3 Bd7 14. Qd2 b5 15. dxc5 Bxc3 16. Qxc3 b4 17. Qd2 Nxc5 18. Qh6 Qc8 19. Kh2 Bc6 20. e4 Qb7 21. Qe3 Ne6 22. Rad1 f6 23. f4 Ng7 24. Nf3 Qb6 25. Qd2 Rfd8 26. g4 a5 27. h4 Bd7 28. f5 Qc5 29. Qh6 Be8 30. Rd5 Qf2 31. Rd2 Qa7 32. Red1 Qc7 33. Kh1 a4 34. Nd4 Qa5 35. Ne2 axb3 36. axb3 Qe5 37. Nf4 g5 38. Nd3 Qg3 39. hxg5 Qe3 40. Nc1 Bc6 41. Rd3 Qxg5 42. Qxg5 fxg5 43. e5 Bxg2+ 44. Kxg2 h5 45. Kg3 h4+ 46. Kf3 Ne8 47. c5 Rbc8 48. cxd6 exd6 49. exd6 Rxd6 50. Rxd6 Nxd6 51. Na2 Nf7 52. Re1 Rc5 53. Nxb4 Ne5+ 54. Ke4 Rb5 55. Nd5 Nxg4 56. Rg1 Nf2+ 57. Kd4 g4 58. Nf6+ Kf7 59. Kc4 Kxf6 60. Kxb5 h3 61. Rf1 h2 62. Rxf2 h1Q 63. Rc2 Qb7+ 64. Kc4 g3 65. b4 g2 66. Rc1 Qc7+ 0-1

[Event "Wuerttemberg-ch MT"]
[Site "Stuttgart"]
[Date "2015.09.01"]
[Round "4"]
[White "Kunz, Walter"]
[Black "Reimche, Vadim"]
[Result "1/2-1/2"]
[WhiteElo "2167"]
[BlackElo "2005"]
[PlyCount "69"]
[EventDate "2015.08.29"]
[EventType "swiss"]
[EventRounds "9"]
[EventCountry "GER"]
[SourceTitle "EXT 2017"]
[Source "ChessBase"]
[SourceDate "2016.10.25"]
[SourceVersion "1"]
[SourceVersionDate "2016.10.25"]
[SourceQuality "1"]

1. e4 c5 2. Nf3 Nc6 3. d4 cxd4 4. Nxd4 Nf6 5. Nc3 e5 6. Ndb5 d6 7. Bg5 a6 8. Na3 b5 9. Nd5 Be7 10. Bxf6 Bxf6 11. c3 Rb8 12. Nc2 a5 13. Nxf6+ gxf6 14. Ne3 Be6 15. Be2 0-0 16. 0-0 Ne7 17. Qd2 d5 18. exd5 Nxd5 19. Nxd5 Bxd5 20. Rad1 Bc4 21. Qh6 Qb6 22. Bg4 Be6 23. Bxe6 Qxe6 24. Rd3 Kh8 25. Rfd1 f5 26. Qxe6 fxe6 27. Rd7 e4 28. Kf1 Kg8 29. Re7 Rfe8 30. Rdd7 Rxe7 31. Rxe7 Rb6 32. Ra7 a4 33. Ke2 Rd6 34. Rb7 Rd5 35. f3 1/2-1/2

[Event "GER-ch 85th"]
[Site "Verden an der Aller"]
[Date "2014.11.29"]
[Round "9"]
[White "Kuersten, Ruediger"]
[Black "Reimche, Vadim"]
[Result "1-0"]
[WhiteElo "2179"]
[BlackElo "2084"]
[PlyCount "115"]
[EventDate "2014.11.21"]
[EventType "swiss"]
[EventRounds "9"]
[EventCountry "GER"]
[SourceTitle "CBM 163 Extra"]
[Source "ChessBase"]
[SourceDate "2014.12.23"]
[SourceVersion "1"]
[SourceVersionDate "2014.12.23"]
[SourceQuality "1"]

1. d4 Nf6 2. c4 c5 3. d5 b5 4. cxb5 a6 5. bxa6 Bxa6 6. Nc3 g6 7. g3 d6 8. Bg2 Bg7 9. Nf3 0-0 10. 0-0 Nbd7 11. Rb1 Qc7 12. Qc2 Rfb8 13. b3 Rb7 14. Bb2 Rab8 15. Rfe1 h6 16. Bf1 c4 17. Nd4 cxb3 18. axb3 Ne5 19. Qd2 Qc5 20. Ba1 Rb4 21. Red1 Nxd5 22. Nxd5 Qxd5 23. Bg2 Qc5 24. Rbc1 Qa7 25. Bc3 Rxb3 26. Nxb3 Rxb3 27. Bd4 Qb8 28. Bd5 Rb4 29. Bxe5 Bxe5 30. Bxf7+ Kg7 31. Ba2 Qb5 32. Bd5 Rd4 33. Qa2 Qxe2 34. Qxe2 Bxe2 35. Rxd4 Bxd4 36. Re1 Bg4 37. Rxe7+ Kf6 38. Re8 Bf5 39. Kg2 Bd7 40. Rf8+ Ke5 41. Bb7 d5 42. Rg8 g5 43. Rh8 Bc3 44. Rxh6 d4 45. f4+ gxf4 46. Rh5+ Kf6 47. gxf4 d3 48. Rc5 Bb4 49. Rc4 d2 50. Bf3 Ba5 51. Kg3 Be6 52. Rc6 Ke7 53. Bd1 Bb4 54. h4 Bd7 55. Rb6 Bc3 56. h5 Kd8 57. Rb3 Ba5 58. h6 1-0

[Event "GER-ch 85th"]
[Site "Verden an der Aller"]
[Date "2014.11.26"]
[Round "6"]
[White "Schulz, Michael"]
[Black "Reimche, Vadim"]
[Result "1-0"]
[WhiteElo "2233"]
[BlackElo "2084"]
[PlyCount "55"]
[EventDate "2014.11.21"]
[EventType "swiss"]
[EventRounds "9"]
[EventCountry "GER"]
[SourceTitle "CBM 163 Extra"]
[Source "ChessBase"]
[SourceDate "2014.12.23"]
[SourceVersion "1"]
[SourceVersionDate "2014.12.23"]
[SourceQuality "1"]

1. d4 Nf6 2. Bg5 c5 3. d5 d6 4. Nc3 g6 5. e4 Bg7 6. f4 0-0 7. Nf3 b5 8. Bxb5 Nxe4 9. Nxe4 Qa5+ 10. Kf2 f6 11. Qe2 fxg5 12. Nexg5 Rxf4 13. c3 a6 14. Bc4 Ra7 15. Rhf1 Qa4 16. b3 Qe8 17. Qe3 Rf8 18. Kg1 h6 19. Ne6 Rf6 20. Nxg7 Kxg7 21. Rae1 a5 22. Nh4 Rxf1+ 23. Bxf1 g5 24. Qe4 e5 25. dxe6 gxh4 26. Bd3 Qxe6 27. Qh7+ Kf8 28. Qh8+ 1-0